Escritos escogidos y entrevistas

Saved in:
Bibliografiske detaljer
Hovedforfatter: Newman, Barnett (autor)
Andre forfattere: Coll Rodríguez, Miguel Ángel (traducción)
Format: Bog
Sprog:spansk
Udgivet: Madrid Síntesis 1990
Serier:El Espíritu y la Letra, 27
Fag:
Tags: Tilføj Tag
Ingen Tags, Vær først til at tagge denne postø!

MARC

LEADER 00000cam a2200000 a 4500
001 UCF3309
003 CL-VaPUC
005 20220826090942.0
008 121004e19900000SP |||||||||||||||||spa|d
999 |c 349744  |d 349742 
020 |a 849756362X 
040 |c Pontificia Universidad Católica de Valparaíso 
082 0 4 |a 759.06  |b NEW  |2 21 
100 |a Newman, Barnett  |e autor  |9 367935 
245 1 0 |a Escritos escogidos y entrevistas 
260 |a Madrid  |b Síntesis  |c 1990 
300 |a 365 p 
490 0 |a El Espíritu y la Letra, 27 
583 |a last modification  |c 20121004 18:42:00  |k Rodrigo Vera 
650 0 |a Expresionismo abstracto  |9 315821 
650 0 |a Pintura moderna  |9 265600 
650 0 |a Arte contemporáneo  |9 338008 
650 0 |a Biografías  |9 255210 
700 |a Coll Rodríguez, Miguel Ángel   |e traducción  |9 875560 
942 |c BK  |2 ddc 
945 |d 20121004 00:00:00  |a dcastane 
952 |0 0  |1 0  |4 0  |6 759_060000000000000_NEW_1990  |7 0  |8 R  |9 452513  |a BIBART  |b BIBART  |d 2019-11-22  |i 4912721  |l 2  |o 759.06 NEW 1990  |p 4912721  |r 2025-03-13  |s 2022-04-05  |w 2019-11-22  |y BK_R  |k ART